Vnútorný obchod, ubytovacie a stravovacie služby v SR za 2. štvrťrok 2010

Salvato in:
Dettagli Bibliografici
Natura: Libro
Lingua:slovacco
inglese
Pubblicazione: Bratislava Štatistický úrad Slovenskej republiky 2010
Serie:Odvetvové štatistiky
Soggetti:
Tags: Aggiungi Tag
Nessun Tag, puoi essere il primo ad aggiungerne!!

MARC

LEADER 00000nlm$a2200000$$$4500
001 0209261
005 20260224110752.2
041 0 |a slo 
041 0 |a eng 
044 |a SK 
245 1 0 |a Vnútorný obchod, ubytovacie a stravovacie služby v SR za 2. štvrťrok 2010 
264 1 |a Bratislava  |b Štatistický úrad Slovenskej republiky  |c 2010 
300 |a 24 s. 
490 1 |a Odvetvové štatistiky 
830 0 |a Odvetvové štatistiky 
500 |a Zdroj dokumentu: Štatistický úrad SR 
610 2 0 |a Slovensko 
610 2 0 |a obchod vnútorný 
610 2 0 |a zariadenia ubytovacie 
610 2 0 |a zariadenia stravovacie 
610 2 0 |a zamestnanci 
610 2 0 |a tržby